[Event "Kandidatklassen"]
[Site "Svendborg"]
[Date "2016.03.22"]
[Round "1"]
[White "Moller, Sophus Mechlenburg"]
[Black "Seegert, Kristian"]
[Result "0-1"]
[WhiteElo "2102"]
[BlackElo "2266"]
[PlyCount "50"]
[EventDate "2016.03.22"]
[EventType "swiss"]
[EventRounds "7"]
[EventCountry "DEN"]

1. e4 c5 2. Nf3 d6 3. d4 cxd4 4. Nxd4 Nf6 5. Nc3 g6 6. Be3 Bg7 7. f3 O-O 8. Qd2
Nc6 9. O-O-O d5 10. Kb1 Nxd4 11. e5 Nf5 12. exf6 exf6 13. Bc5 d4 14. Bxf8 Qxf8
15. Ne2 Ne3 16. Rc1 Nc4 17. Qd3 Qb4 18. b3 Na3+ 19. Kb2 f5 20. Nf4 Be6 21. Nxe6
fxe6 22. f4 Rc8 23. Be2 Rc3 24. Qd1 d3 25. Qxd3 Rxc2# 0-1

[Event "Kandidatklassen"]
[Site "Svendborg"]
[Date "2016.03.22"]
[Round "1"]
[White "Percivaldi, Martin"]
[Black "Christensen, Christian Sylvester"]
[Result "1-0"]
[WhiteElo "2270"]
[BlackElo "2109"]
[PlyCount "89"]
[EventDate "2016.03.22"]
[EventType "swiss"]
[EventRounds "7"]
[EventCountry "DEN"]

1. d4 d5 2. c4 e6 3. Nf3 Nf6 4. g3 Be7 5. Bg2 O-O 6. O-O c6 7. Qc2 b6 8. Nbd2
Bb7 9. e4 Nbd7 10. e5 Ne8 11. b3 Rc8 12. Bb2 Nc7 13. Rfd1 c5 14. Rac1 b5 15.
Qb1 bxc4 16. bxc4 Ba8 17. Qa1 Nb6 18. dxc5 Na4 19. Bd4 Bxc5 20. Bxc5 Nxc5 21.
Nb3 N7a6 22. Nfd4 Qe7 23. cxd5 Bxd5 24. Bxd5 exd5 25. Nf5 Qe6 26. Nxc5 Rxc5 27.
Rxc5 Nxc5 28. Rxd5 Qxf5 29. Rxc5 f6 30. Qb2 fxe5 31. Rxe5 Qf7 32. Qe2 Rd8 33.
h4 h6 34. a4 Qb3 35. Re8+ Rxe8 36. Qxe8+ Kh7 37. Qe4+ Kg8 38. Qa8+ Kf7 39.
Qxa7+ Kf6 40. Qd4+ Kf7 41. a5 g5 42. hxg5 hxg5 43. a6 Kg6 44. Qe4+ Kh5 45. a7
1-0

[Event "Kandidatklassen"]
[Site "Svendborg"]
[Date "2016.03.22"]
[Round "1"]
[White "Thogersen, Rasmus"]
[Black "Larsen, Peter"]
[Result "1-0"]
[WhiteElo "2109"]
[BlackElo "2284"]
[PlyCount "51"]
[EventDate "2016.03.22"]
[EventType "swiss"]
[EventRounds "7"]
[EventCountry "DEN"]

1. e4 c6 2. d4 d5 3. Nd2 dxe4 4. Nxe4 Bf5 5. Ng3 Bg6 6. h4 h6 7. Nf3 e6 8. Ne5
Bh7 9. Bd3 Bxd3 10. Qxd3 Bb4+ 11. c3 Bd6 12. f4 Ne7 13. Be3 O-O 14. O-O-O Bxe5
15. fxe5 c5 16. Bxh6 gxh6 17. Nh5 Ng6 18. Nf6+ Kg7 19. h5 Nd7 20. Rdf1 Ndxe5
21. Qh3 Ne7 22. dxe5 c4 23. Qg3+ Kh8 24. Qe3 Ng8 25. Nxg8 Kxg8 26. Qxh6 1-0

[Event "Kandidatklassen"]
[Site "Svendborg"]
[Date "2016.03.22"]
[Round "1"]
[White "Jaksland, Tim"]
[Black "Knudsen, Jesper"]
[Result "1/2-1/2"]
[WhiteElo "2261"]
[BlackElo "2087"]
[PlyCount "99"]
[EventDate "2016.03.22"]
[EventType "swiss"]
[EventRounds "7"]
[EventCountry "DEN"]

1. Nf3 Nf6 2. c4 c5 3. g3 g6 4. Bg2 Bg7 5. O-O O-O 6. Nc3 Nc6 7. d4 cxd4 8.
Nxd4 Nxd4 9. Qxd4 d6 10. Qd3 Nd7 11. b3 Nc5 12. Qd2 Bd7 13. Bb2 Qa5 14. Rfd1
Rfe8 15. Nd5 Qxd2 16. Rxd2 Rac8 17. Bxg7 Kxg7 18. Rad1 Ne6 19. e4 Nc5 20. Re1
Bc6 21. Nc3 a6 22. e5 Bxg2 23. Kxg2 dxe5 24. Rxe5 Ne6 25. Nd5 Rc5 26. Re4 b5
27. cxb5 Rd8 28. Re5 axb5 29. b4 Rc4 30. Rb2 Rb8 31. Ree2 Rb7 32. Ne3 Rd4 33.
Rec2 Ra7 34. Rc3 Ra4 35. a3 Rd7 36. Re2 Rd6 37. Nc2 Kf6 38. Rf3+ Kg7 39. Rc3
Kf6 40. Rf3+ Kg7 41. h4 Ra7 42. Rc3 f6 43. Rc8 Kf7 44. Re3 Nc7 45. Rc3 Nd5 46.
R3c6 Nb6 47. Rxd6 Nxc8 48. Rc6 Nd6 49. Rc5 e5 50. Kf3 1/2-1/2

[Event "Kandidatklassen"]
[Site "Svendborg"]
[Date "2016.03.22"]
[Round "1"]
[White "Nord, Michael"]
[Black "Rostgaard, Tobias Valentin"]
[Result "0-1"]
[WhiteElo "2064"]
[BlackElo "2222"]
[PlyCount "122"]
[EventDate "2016.03.22"]
[EventType "swiss"]
[EventRounds "7"]
[EventCountry "DEN"]

1. e4 e5 2. Bc4 Nc6 3. Nf3 Bc5 4. c3 Nf6 5. d3 d6 6. Bb3 a6 7. Nbd2 O-O 8. h3
Be6 9. Bc2 Ba7 10. Nf1 d5 11. Qe2 d4 12. Ng3 Nd7 13. Ng5 h6 14. Nxe6 fxe6 15.
O-O Qh4 16. Kh2 Rf7 17. c4 Raf8 18. a3 b5 19. cxb5 axb5 20. b4 Nd8 21. Rb1 c6
22. Bd2 Bb8 23. Bb3 Nb6 24. f3 Ra7 25. Bc1 Na4 26. Qc2 Qe7 27. Bd2 Kh7 28. Nh1
Bd6 29. Rfc1 Ra6 30. Nf2 Nb6 31. Ra1 Nd7 32. Ng4 Nb7 33. Rf1 c5 34. Qc1 Nf6 35.
Nxf6+ Qxf6 36. Qb2 Qe7 37. a4 bxa4 38. b5 a3 39. Qc1 Ra7 40. Bc4 Rfa8 41. b6
Ra4 42. Bb5 Rb4 43. Bxb4 cxb4 44. Qc2 Nc5 45. Rfb1 Rb8 46. Bc4 Nd7 47. Qb3 Rxb6
48. Qa4 Nc5 49. Qc2 Qb7 50. Bb3 Be7 51. Ra2 Qa6 52. Rd1 Nxb3 53. Qxb3 Rc6 54.
Rc2 Rc3 55. Rxc3 dxc3 56. Qc2 Bc5 57. Kh1 Bd4 58. Kh2 a2 59. Ra1 b3 60. Qxb3 c2
61. Rxa2 c1=Q 0-1

[Event "Kandidatklassen"]
[Site "Svendborg"]
[Date "2016.03.22"]
[Round "1"]
[White "Bekker Jensen, David"]
[Black "Aagaard, Gert"]
[Result "1/2-1/2"]
[WhiteElo "2230"]
[BlackElo "2079"]
[PlyCount "102"]
[EventDate "2016.03.22"]
[EventType "swiss"]
[EventRounds "7"]
[EventCountry "DEN"]

1. d4 d5 2. c4 c6 3. Nc3 Nf6 4. e3 a6 5. Qc2 g6 6. Bd3 Bg7 7. Nf3 O-O 8. O-O b5
9. b3 Bg4 10. Ne5 Be6 11. Qe2 Nfd7 12. Nxc6 Nxc6 13. cxd5 Nxd4 14. exd4 Bxd4
15. dxe6 Bxc3 16. Rb1 Nc5 17. Rd1 Qb8 18. exf7+ Rxf7 19. Bc2 b4 20. Be3 Qe5 21.
Qc4 Nb7 22. Rd5 Nd6 23. Qd3 Qf6 24. Rf1 Nf5 25. Bc5 e6 26. Rd7 Rxd7 27. Qxd7
Rd8 28. Qb7 a5 29. Be4 Qe5 30. Bxf5 gxf5 31. Qe7 Qf6 32. Qc7 Rd5 33. Qxa5 Qd8
34. Qxd8+ Rxd8 35. a3 bxa3 36. Bxa3 Rd2 37. Bc5 Rb2 38. g3 Rxb3 39. Kg2 Rb5 40.
Be3 Kf7 41. Rc1 Be5 42. Rc4 Rb7 43. Rh4 Kg7 44. Kf3 Bf6 45. Ra4 Kg6 46. g4 h5
47. gxf5+ exf5 48. Ra6 Kg7 49. Ra5 Kg6 50. Ra6 Kg7 51. Ra5 Kg6 1/2-1/2

[Event "Kandidatklassen"]
[Site "Svendborg"]
[Date "2016.03.22"]
[Round "1"]
[White "Jepsen, Thomas Stausholm"]
[Black "Moller, Morten Kock"]
[Result "1/2-1/2"]
[WhiteElo "2085"]
[BlackElo "2244"]
[PlyCount "38"]
[EventDate "2016.03.22"]
[EventType "swiss"]
[EventRounds "7"]
[EventCountry "DEN"]

1. Nf3 f5 2. b3 Nf6 3. Bb2 e6 4. c4 Be7 5. d4 O-O 6. Nc3 d6 7. Qd3 Nc6 8. d5
Nb4 9. Qd2 e5 10. Ng5 Ng4 11. Nh3 a5 12. e3 Bd7 13. Rc1 Bf6 14. f3 Nh6 15. Nf2
Qe7 16. Be2 Be8 17. O-O Bh5 18. Rce1 Kh8 19. Bc1 Rae8 1/2-1/2

[Event "Kandidatklassen"]
[Site "Svendborg"]
[Date "2016.03.22"]
[Round "1"]
[White "Thybo, Jesper Sondergaard"]
[Black "Jensen, Jacob Bjerre"]
[Result "1-0"]
[WhiteElo "2316"]
[BlackElo "2189"]
[PlyCount "55"]
[EventDate "2016.03.22"]
[EventType "swiss"]
[EventRounds "7"]
[EventCountry "DEN"]

1. d4 Nf6 2. c4 c5 3. d5 e6 4. Nc3 exd5 5. cxd5 d6 6. Nf3 g6 7. Bf4 a6 8. a4
Bg7 9. h3 O-O 10. e3 Nh5 11. Bh2 f5 12. Be2 Nf6 13. Nd2 Qc7 14. Nc4 Ne8 15. g4
Nd7 16. gxf5 gxf5 17. Rg1 Kh8 18. Qb3 Ne5 19. Nb6 Rb8 20. O-O-O Bd7 21. Rg2 Bb5
22. axb5 Qxb6 23. Rdg1 Bf6 24. Bf4 Nc7 25. Bh6 c4 26. Qc2 Rf7 27. Bh5 Nd3+ 28.
Qxd3 1-0

[Event "Kandidatklassen"]
[Site "Svendborg"]
[Date "2016.03.22"]
[Round "1"]
[White "Olsen, Filip Boe"]
[Black "Hansen, Mads"]
[Result "0-1"]
[WhiteElo "2192"]
[BlackElo "2297"]
[PlyCount "58"]
[EventDate "2016.03.22"]
[EventType "swiss"]
[EventRounds "7"]
[EventCountry "DEN"]

1. d4 Nf6 2. c4 e6 3. Nf3 d5 4. Qc2 c5 5. e3 Nc6 6. cxd5 Nxd5 7. dxc5 Ndb4 8.
Qd1 Bxc5 9. a3 Qxd1+ 10. Kxd1 Nd5 11. b4 Be7 12. Bc4 Nb6 13. Bb3 a5 14. b5 Bf6
15. Ra2 a4 16. Bc2 Na5 17. Bb2 Bd7 18. Bxf6 gxf6 19. Rb2 Ke7 20. Ke2 Rhc8 21.
Bd3 Nb3 22. Nd4 Nc1+ 23. Kd2 Nxd3 24. Kxd3 e5 25. Ne2 Bf5+ 26. e4 Rd8+ 27. Kc2
Rac8+ 28. Nec3 Bxe4+ 29. Kc1 Bxb1 0-1

[Event "Kandidatklassen"]
[Site "Svendborg"]
[Date "2016.03.22"]
[Round "1"]
[White "Matthiesen, Martin"]
[Black "Thuesen, Mogens Henrik"]
[Result "1-0"]
[WhiteElo "2396"]
[BlackElo "2207"]
[PlyCount "41"]
[EventDate "2016.03.22"]
[EventType "swiss"]
[EventRounds "7"]
[EventCountry "DEN"]

1. d4 d5 2. c4 c6 3. Nf3 Nf6 4. Nc3 dxc4 5. a4 Bf5 6. e3 e6 7. Bxc4 Bb4 8. O-O
O-O 9. Qe2 Bg6 10. Ne5 Nbd7 11. Nxg6 hxg6 12. Rd1 Nd5 13. Na2 Be7 14. e4 Nb4
15. Nxb4 Bxb4 16. d5 e5 17. dxc6 bxc6 18. Qd3 Qh4 19. g3 Qh5 20. Qxd7 Rad8 21.
Qxd8 1-0

[Event "Kandidatklassen"]
[Site "Svendborg"]
[Date "2016.03.22"]
[Round "1"]
[White "Grubert, Christian"]
[Black "Dyrgaard, Kristoffer"]
[Result "1/2-1/2"]
[WhiteElo "2186"]
[BlackElo "2308"]
[PlyCount "53"]
[EventDate "2016.03.22"]
[EventType "swiss"]
[EventRounds "7"]
[EventCountry "DEN"]

1. Nf3 Nf6 2. g3 g6 3. Bg2 Bg7 4. O-O c5 5. d3 Nc6 6. e4 d6 7. Nc3 Rb8 8. Re1
e5 9. Be3 O-O 10. h3 Nd4 11. Kh2 b5 12. Nd5 Nxd5 13. exd5 Nxf3+ 14. Bxf3 f5 15.
Bd2 Rb7 16. Qe2 Rbf7 17. Rf1 a5 18. Rab1 b4 19. c4 Qf6 20. b3 g5 21. Bh5 Re7
22. Rbe1 f4 23. Bg4 Bf5 24. Bxf5 Qxf5 25. g4 Qg6 26. Qe4 Ra8 27. a4 1/2-1/2

[Event "Kandidatklassen"]
[Site "Svendborg"]
[Date "2016.03.22"]
[Round "1"]
[White "Jorgensen, Brian"]
[Black "Kristensen, Bjarke Hautop"]
[Result "1-0"]
[WhiteElo "2288"]
[BlackElo "2150"]
[PlyCount "91"]
[EventDate "2016.03.22"]
[EventType "swiss"]
[EventRounds "7"]
[EventCountry "DEN"]

1. d4 Nf6 2. Nf3 g6 3. g3 Bg7 4. Bg2 O-O 5. O-O d6 6. b3 c5 7. Bb2 cxd4 8. Nxd4
a6 9. c4 Qc7 10. Nc3 Nc6 11. Rc1 Nxd4 12. Qxd4 Qc5 13. Qxc5 dxc5 14. Na4 Nd7
15. Ba3 Ra7 16. Nxc5 b6 17. Nd3 Bb7 18. Rfd1 Bxg2 19. Kxg2 Rc8 20. e3 e6 21.
Bb2 Rac7 22. Bxg7 Kxg7 23. f4 b5 24. cxb5 Rc2+ 25. Kf3 axb5 26. Rxc2 Rxc2 27.
Nb4 Rc7 28. Rd6 Kf8 29. Rc6 Rb7 30. Rc8+ Ke7 31. e4 f6 32. Ke3 Kf7 33. Nc6 Rb6
34. Rc7 Ke8 35. h4 Ra6 36. Rxd7 Rxc6 37. Rxh7 Rc3+ 38. Kd4 Rxg3 39. Kc5 Rg4 40.
Kxb5 Rxf4 41. a4 Rxe4 42. b4 e5 43. a5 Re3 44. a6 Ra3 45. a7 e4 46. a8=Q+ 1-0

[Event "Kandidatklassen"]
[Site "Svendborg"]
[Date "2016.03.22"]
[Round "1"]
[White "Jacobsen, Mikkel Manosri"]
[Black "Laursen, Niels Norskov"]
[Result "1/2-1/2"]
[WhiteElo "2181"]
[BlackElo "2289"]
[PlyCount "61"]
[EventDate "2016.03.22"]
[EventType "swiss"]
[EventRounds "7"]
[EventCountry "DEN"]

1. d4 Nf6 2. Nc3 d6 3. Bg5 Nbd7 4. Nf3 e5 5. e3 Be7 6. Qd2 c6 7. O-O-O Qa5 8.
Kb1 O-O 9. g4 exd4 10. exd4 d5 11. Bd3 Bb4 12. Nh4 Ne4 13. Bxe4 dxe4 14. Nf5 f6
15. Bh6 Bxc3 16. bxc3 gxh6 17. Qxh6 Rf7 18. Qh5 Qb6+ 19. Ka1 Kf8 20. Rhe1 Qd8
21. Rxe4 Nc5 22. Nh6 Qd5 23. Re3 Qxh5 24. gxh5 Ne6 25. Nxf7 Kxf7 26. c4 Bd7 27.
d5 Nc5 28. Rde1 Re8 29. Rxe8 Bxe8 30. f4 Bd7 31. Rg1 1/2-1/2

[Event "Kandidatklassen"]
[Site "Svendborg"]
[Date "2016.03.22"]
[Round "1"]
[White "Stentebjerg Hansen, Per"]
[Black "Schou Moldt, Thomas"]
[Result "0-1"]
[WhiteElo "2291"]
[BlackElo "2186"]
[PlyCount "81"]
[EventDate "2016.03.22"]
[EventType "swiss"]
[EventRounds "7"]
[EventCountry "DEN"]

1. d4 Nf6 2. Nc3 g6 3. e4 d6 4. h3 Bg7 5. Nf3 O-O 6. Be2 c5 7. d5 a6 8. a4 b6
9. O-O Bb7 10. Bg5 Nbd7 11. Nd2 Qb8 12. Bf4 Re8 13. Bh2 Qd8 14. Re1 Nf8 15. Bc4
e6 16. Nf3 e5 17. Rb1 N8d7 18. Nd2 Rf8 19. Be2 Ne8 20. Nc4 Rc8 21. Qd2 f5 22.
b4 Kh8 23. bxc5 Rxc5 24. f3 Bc8 25. Bg3 Qc7 26. Qd3 Nef6 27. Bf2 Bh6 28. g4 Bf4
29. Kg2 Bb7 30. Nd1 fxe4 31. fxe4 Nxe4 32. Bxc5 Nexc5 33. Qc3 Bxd5+ 34. Kg1 Ne4
35. Qb4 b5 36. axb5 axb5 37. Qxb5 Bxc4 38. Bxc4 Nd2 39. Rb4 Nf3+ 40. Kf2 Bd2
41. Qb7 0-1

[Event "Kandidatklassen"]
[Site "Svendborg"]
[Date "2016.03.23"]
[Round "2"]
[White "Larsen, Peter"]
[Black "Jepsen, Thomas Stausholm"]
[Result "1-0"]
[WhiteElo "2284"]
[BlackElo "2085"]
[PlyCount "107"]
[EventDate "2016.03.22"]
[EventType "swiss"]
[EventRounds "7"]
[EventCountry "DEN"]

1. e4 c5 2. Nf3 g6 3. d4 cxd4 4. Qxd4 Nf6 5. Nc3 Nc6 6. Qa4 Bg7 7. e5 Ng8 8.
Bf4 f6 9. exf6 Nxf6 10. O-O-O O-O 11. Bc4+ Kh8 12. Rhe1 Nh5 13. Be3 Nf4 14. Ng5
Qa5 15. Nf7+ Kg8 16. Bxf4 Bxc3 17. Ng5+ Kg7 18. Qxa5 Bxa5 19. Re4 e6 20. Bd6
Rxf2 21. Nf3 Bd8 22. Bf1 Bf6 23. Bg3 Rxf1 24. Rxf1 d5 25. Re2 Bd7 26. Ne5 Nxe5
27. Bxe5 Bxe5 28. Rxe5 Rc8 29. Rf4 b5 30. Kd2 a5 31. a3 h6 32. h4 Rc4 33. Rxc4
bxc4 34. Kc3 Kf6 35. Kd4 Ba4 36. Re2 Kf5 37. g3 Kg4 38. Rxe6 Bxc2 39. h5 Kxh5
40. Kxd5 Kg4 41. Re3 Bb3 42. Kd4 h5 43. Kc3 Bd1 44. Kxc4 Bf3 45. b4 axb4 46. a4
b3 47. Kxb3 Bg2 48. Kc3 g5 49. Kd2 h4 50. gxh4 gxh4 51. Ke1 h3 52. Kf2 Bc6 53.
Rg3+ Kh4 54. Rc3 1-0

[Event "Kandidatklassen"]
[Site "Svendborg"]
[Date "2016.03.23"]
[Round "2"]
[White "Knudsen, Jesper"]
[Black "Bekker Jensen, David"]
[Result "0-1"]
[WhiteElo "2087"]
[BlackElo "2230"]
[PlyCount "96"]
[EventDate "2016.03.22"]
[EventType "swiss"]
[EventRounds "7"]
[EventCountry "DEN"]

1. e4 c5 2. Nf3 d6 3. d4 cxd4 4. Nxd4 Nf6 5. Nc3 a6 6. Be3 e5 7. Nb3 Be6 8. f3
h5 9. Qd2 Nbd7 10. O-O-O Be7 11. Qf2 Rc8 12. Nd5 Nxd5 13. exd5 Bf5 14. Bd3 Bxd3
15. Rxd3 Bg5 16. g3 h4 17. Re1 Kf8 18. Kb1 hxg3 19. hxg3 Qf6 20. Qd2 Bxe3 21.
Qxe3 Rh2 22. Rc3 Rxc3 23. Qxc3 Qd8 24. a3 Nf6 25. Qd3 g6 26. Nd2 Qa5 27. b4
Qxd5 28. Qxd5 Nxd5 29. Ne4 Ke7 30. Rd1 f5 31. Rxd5 fxe4 32. fxe4 Re2 33. b5
Rxe4 34. bxa6 bxa6 35. Ra5 Rg4 36. Rxa6 Kd7 37. Kc1 Rxg3 38. Kd2 Rf3 39. a4 g5
40. Ra8 g4 41. Rg8 Rf4 42. a5 Ra4 43. a6 Rxa6 44. Rxg4 Ke6 45. Rh4 Ra7 46. Kd3
Rg7 47. c4 Rg3+ 48. Ke4 Rc3 0-1

[Event "Kandidatklassen"]
[Site "Svendborg"]
[Date "2016.03.23"]
[Round "2"]
[White "Moller, Morten Kock"]
[Black "Jacobsen, Mikkel Manosri"]
[Result "1/2-1/2"]
[WhiteElo "2244"]
[BlackElo "2181"]
[PlyCount "34"]
[EventDate "2016.03.22"]
[EventType "swiss"]
[EventRounds "7"]
[EventCountry "DEN"]

1. e4 c6 2. c4 d5 3. exd5 cxd5 4. cxd5 Nf6 5. Nc3 g6 6. Bc4 Bg7 7. Nf3 O-O 8.
O-O Nbd7 9. d3 Nb6 10. Qb3 Nxc4 11. dxc4 e6 12. Be3 exd5 13. Nxd5 Nxd5 14. cxd5
Bg4 15. Bg5 Qd7 16. Rfe1 Rfe8 17. h3 Bxf3 1/2-1/2

[Event "Kandidatklassen"]
[Site "Svendborg"]
[Date "2016.03.23"]
[Round "2"]
[White "Kristensen, Bjarke Hautop"]
[Black "Stentebjerg Hansen, Per"]
[Result "1-0"]
[WhiteElo "2150"]
[BlackElo "2291"]
[PlyCount "75"]
[EventDate "2016.03.22"]
[EventType "swiss"]
[EventRounds "7"]
[EventCountry "DEN"]

1. d4 d5 2. c4 c6 3. Nf3 Nf6 4. Nc3 a6 5. c5 Bf5 6. Bf4 Nh5 7. Qd2 Nxf4 8. Qxf4
e6 9. e4 dxe4 10. Nxe4 Qa5+ 11. Nc3 Be7 12. g4 Bg6 13. h4 f6 14. Bc4 Bf7 15.
Qe3 Nd7 16. Bxe6 Bxe6 17. Qxe6 O-O-O 18. O-O-O Rde8 19. Rhe1 Kd8 20. Qf7 Qc7
21. Re3 Rhf8 22. Qxg7 Rg8 23. Qxh7 Rxg4 24. Rde1 Nf8 25. Qf7 Ng6 26. h5 Nh8 27.
Rxe7 Qxe7 28. Rxe7 Nxf7 29. Rxf7 Rf4 30. Nd2 Re7 31. Rf8+ Re8 32. Rxe8+ Kxe8
33. Nce4 Ke7 34. h6 Ke6 35. Kc2 f5 36. h7 Rh4 37. Ng5+ Kf6 38. Ndf3 1-0

[Event "Kandidatklassen"]
[Site "Svendborg"]
[Date "2016.03.23"]
[Round "2"]
[White "Jensen, Jacob Bjerre"]
[Black "Nord, Michael"]
[Result "1-0"]
[WhiteElo "2189"]
[BlackElo "2064"]
[PlyCount "135"]
[EventDate "2016.03.22"]
[EventType "swiss"]
[EventRounds "7"]
[EventCountry "DEN"]

1. d4 d5 2. c4 Nc6 3. e3 e5 4. dxe5 d4 5. a3 Be6 6. Nf3 dxe3 7. Qxd8+ Rxd8 8.
Bxe3 Nge7 9. Nc3 Ng6 10. Nb5 Rd7 11. Nbd4 Ncxe5 12. Nxe5 Nxe5 13. Nxe6 fxe6 14.
b4 Be7 15. Be2 O-O 16. O-O b6 17. f4 Nf7 18. c5 Bf6 19. Rad1 Rfd8 20. Rxd7 Rxd7
21. Bc4 Bb2 22. Bxe6 Rd3 23. cxb6 cxb6 24. Bc1 Bf6 25. Kf2 Kf8 26. Ke2 Rc3 27.
Rd1 Nd8 28. Bf5 g6 29. Bb2 Rc6 30. Bxf6 Nf7 31. Bxg6 hxg6 32. Be5 Nxe5 33. fxe5
Rc3 34. Rd3 Rc2+ 35. Kf3 Ke7 36. h4 Ke6 37. Re3 Rc4 38. g3 b5 39. Re4 Rc3+ 40.
Re3 Rc4 41. g4 a6 42. Re4 Rc3+ 43. Kf4 Rxa3 44. Kg5 Rc3 45. h5 gxh5 46. gxh5
Rc8 47. h6 Rg8+ 48. Kh5 Kf5 49. Rd4 Rg5+ 50. Kh4 Rg1 51. Rd6 Rh1+ 52. Kg3 Kxe5
53. Rxa6 Ke4 54. Rd6 Ke5 55. Rb6 Kd4 56. Rc6 Ke4 57. Kg4 Rg1+ 58. Kh5 Kf5 59.
Rc5+ Kf6 60. Rxb5 Rh1+ 61. Kg4 Kg6 62. Rb6+ Kh7 63. Kf4 Re1 64. b5 Re2 65. Kf5
Re1 66. Re6 Rh1 67. b6 Rh5+ 68. Ke4 1-0

[Event "Kandidatklassen"]
[Site "Svendborg"]
[Date "2016.03.23"]
[Round "2"]
[White "Christensen, Christian Sylvester"]
[Black "Olsen, Filip Boe"]
[Result "1/2-1/2"]
[WhiteElo "2109"]
[BlackElo "2192"]
[PlyCount "106"]
[EventDate "2016.03.22"]
[EventType "swiss"]
[EventRounds "7"]
[EventCountry "DEN"]

1. d4 d5 2. c4 c6 3. Nf3 Nf6 4. e3 Bf5 5. Nc3 a6 6. Nh4 Bg4 7. Qc2 e6 8. h3 Bh5
9. g4 Bg6 10. Nxg6 hxg6 11. cxd5 cxd5 12. Bg2 Bd6 13. e4 dxe4 14. Nxe4 Bb4+ 15.
Nc3 Nc6 16. Be3 Nd5 17. O-O Bxc3 18. bxc3 Rc8 19. c4 Na5 20. Qa4+ b5 21. cxb5
Nc3 22. Qc2 Nxb5 23. Qe4 O-O 24. Rac1 Qd7 25. d5 Nc3 26. dxe6 Qb5 27. exf7+
Rxf7 28. Rxc3 Rxc3 29. Qa8+ Kh7 30. Bd5 Rcc7 31. Bxf7 Rxf7 32. Qe4 Nc4 33. Rc1
Nxe3 34. Qxe3 Qd5 35. Rc3 Qxa2 36. Ra3 Qb2 37. Rb3 Qc2 38. Rc3 Qd1+ 39. Kg2
Qd5+ 40. Kh2 a5 41. f4 Qd6 42. Qe5 Qd2+ 43. Kg3 Rxf4 44. Qe3 Qxe3+ 45. Rxe3 Rb4
46. Re5 a4 47. Ra5 Kh6 48. Kh4 Rc4 49. Ra6 Rb4 50. Ra5 g5+ 51. Rxg5 Rb3 52.
Rh5+ Kg6 53. Ra5 a3 1/2-1/2

[Event "Kandidatklassen"]
[Site "Svendborg"]
[Date "2016.03.23"]
[Round "2"]
[White "Thuesen, Mogens Henrik"]
[Black "Moller, Sophus Mechlenburg"]
[Result "1/2-1/2"]
[WhiteElo "2207"]
[BlackElo "2102"]
[PlyCount "104"]
[EventDate "2016.03.22"]
[EventType "swiss"]
[EventRounds "7"]
[EventCountry "DEN"]

1. f4 d5 2. Nf3 Nf6 3. g3 g6 4. Bg2 Bg7 5. O-O O-O 6. d3 c5 7. c3 Nc6 8. Qe1 b6
9. h3 Ne8 10. a4 Nc7 11. Na3 Bb7 12. g4 e6 13. Bd2 f5 14. Rb1 Qd7 15. b4 cxb4
16. cxb4 e5 17. b5 Nd4 18. fxe5 Nxf3+ 19. exf3 d4 20. Nc4 f4 21. Bb4 Rfe8 22.
Bd6 Nd5 23. Rc1 a6 24. a5 bxa5 25. Nxa5 axb5 26. Nxb7 Qxb7 27. Qe4 Ra2 28. Rc5
Rxg2+ 29. Kh1 Rg3 30. Qxd5+ Qxd5 31. Rxd5 Rxh3+ 32. Kg2 Rg3+ 33. Kf2 Ra8 34.
Re1 Ra2+ 35. Re2 Rg2+ 36. Kxg2 Rxe2+ 37. Kf1 Re3 38. Rxd4 Rxf3+ 39. Kg2 Rg3+
40. Kf2 Rxg4 41. Rb4 Bf8 42. Rxb5 Bxd6 43. exd6 Kf7 44. Rb7+ Ke6 45. d7 Ke7 46.
d8=Q+ Kxd8 47. Rxh7 Rg3 48. d4 Ke8 49. d5 Rg5 50. Kf3 Rf5 51. d6 g5 52. Rg7 Rf7
1/2-1/2

[Event "Kandidatklassen"]
[Site "Svendborg"]
[Date "2016.03.23"]
[Round "2"]
[White "Rostgaard, Tobias Valentin"]
[Black "Thybo, Jesper Sondergaard"]
[Result "0-1"]
[WhiteElo "2222"]
[BlackElo "2316"]
[PlyCount "58"]
[EventDate "2016.03.22"]
[EventType "swiss"]
[EventRounds "7"]
[EventCountry "DEN"]

1. Nf3 Nf6 2. c4 g6 3. g3 Bg7 4. Bg2 O-O 5. O-O c6 6. d3 d5 7. Qb3 d4 8. e3 c5
9. Qa3 dxe3 10. Bxe3 Na6 11. h3 Nb4 12. Ne1 Qc7 13. Nc3 Bd7 14. Na4 b6 15. Bxa8
Rxa8 16. d4 cxd4 17. Bxd4 Nc6 18. Nxb6 Nxd4 19. Nxa8 Qe5 20. Rd1 Bxh3 21. Rxd4
Qxd4 22. Nf3 Qe4 23. Rd1 Qxa8 24. Qxe7 Nd7 25. Rd3 Bf6 26. Qd6 Ne5 27. Qxf6
Nxd3 28. c5 Nxc5 29. Kh2 Ne4 0-1

[Event "Kandidatklassen"]
[Site "Svendborg"]
[Date "2016.03.23"]
[Round "2"]
[White "Hansen, Mads"]
[Black "Percivaldi, Martin"]
[Result "1/2-1/2"]
[WhiteElo "2297"]
[BlackElo "2270"]
[PlyCount "59"]
[EventDate "2016.03.22"]
[EventType "swiss"]
[EventRounds "7"]
[EventCountry "DEN"]

1. e4 e6 2. d4 d5 3. Nc3 Nf6 4. e5 Nfd7 5. f4 c5 6. Nf3 Nc6 7. Be3 a6 8. Qd2 b5
9. dxc5 Bxc5 10. Bd3 Qb6 11. Bf2 h6 12. O-O Bxf2+ 13. Rxf2 Nc5 14. a3 b4 15.
axb4 Nxb4 16. Raf1 O-O 17. Kh1 a5 18. f5 exf5 19. Nh4 Ne4 20. Bxe4 fxe4 21.
Nxd5 Nxd5 22. Qxd5 Be6 23. Qxe4 Qxb2 24. Nf5 Bxf5 25. Rxf5 Qb4 26. Qd5 Rad8 27.
Qa2 Qe4 28. Rxf7 Rxf7 29. Qxf7+ Kh7 30. e6 1/2-1/2

[Event "Kandidatklassen"]
[Site "Svendborg"]
[Date "2016.03.23"]
[Round "2"]
[White "Seegert, Kristian"]
[Black "Matthiesen, Martin"]
[Result "1/2-1/2"]
[WhiteElo "2266"]
[BlackElo "2396"]
[PlyCount "98"]
[EventDate "2016.03.22"]
[EventType "swiss"]
[EventRounds "7"]
[EventCountry "DEN"]

1. e4 e5 2. Nf3 Nc6 3. Bb5 a6 4. Ba4 Nf6 5. O-O Be7 6. Re1 b5 7. Bb3 O-O 8. h3
d6 9. c3 Nb8 10. d4 Nbd7 11. a4 Bb7 12. Nbd2 c5 13. Bc2 Qc7 14. d5 c4 15. Nf1
Nc5 16. Ng3 g6 17. Bh6 Rfe8 18. Qd2 Nfd7 19. Nh2 Qd8 20. Ng4 Nf6 21. Ne3 Bf8
22. Bxf8 Rxf8 23. axb5 axb5 24. Rxa8 Bxa8 25. Ra1 Bb7 26. Ra7 Kh8 27. h4 h5 28.
Nef5 Ng8 29. Qd1 Bc8 30. Ra8 Nf6 31. Qd2 Ng8 32. Nh6 Qf6 33. Nxg8 Kxg8 34. Rb8
Bd7 35. Rxf8+ Kxf8 36. Qg5 Qxg5 37. hxg5 Ke7 38. f3 Kd8 39. Kf2 Kc7 40. Ke3 Na6
41. f4 Nc5 42. f5 Na4 43. Bxa4 bxa4 44. f6 Be8 45. Kd2 Kb6 46. Kc2 Kc5 47. Kd2
h4 48. Nh1 Bd7 49. Nf2 Bc8 1/2-1/2

[Event "Kandidatklassen"]
[Site "Svendborg"]
[Date "2016.03.23"]
[Round "2"]
[White "Schou Moldt, Thomas"]
[Black "Jorgensen, Brian"]
[Result "0-1"]
[WhiteElo "2186"]
[BlackElo "2288"]
[PlyCount "80"]
[EventDate "2016.03.22"]
[EventType "swiss"]
[EventRounds "7"]
[EventCountry "DEN"]

1. e4 c5 2. Nf3 Nc6 3. d4 cxd4 4. Nxd4 Nf6 5. Nc3 e5 6. Ndb5 d6 7. Bg5 a6 8.
Na3 b5 9. Nd5 Be7 10. Bxf6 Bxf6 11. c4 b4 12. Nc2 O-O 13. h4 Rb8 14. b3 Be7 15.
g3 Be6 16. Nce3 Nd4 17. Bg2 a5 18. O-O g6 19. Qd3 f5 20. Nxe7+ Qxe7 21. f4 Kh8
22. Rae1 Qa7 23. Kh2 Qc5 24. Nc2 fxe4 25. Bxe4 Nf5 26. fxe5 dxe5 27. Bxf5 Bxf5
28. Qe3 Qc7 29. Rf2 Rfe8 30. Qg5 Rbd8 31. Ne3 Be6 32. Ref1 Qg7 33. Rf6 Rd2+ 34.
R6f2 h6 35. Rxd2 hxg5 36. hxg5 Kg8 37. Rf6 Qh7+ 38. Kg1 Qh5 39. Rdf2 Qxg5 40.
Nf1 e4 0-1

[Event "Kandidatklassen"]
[Site "Svendborg"]
[Date "2016.03.23"]
[Round "2"]
[White "Aagaard, Gert"]
[Black "Jaksland, Tim"]
[Result "0-1"]
[WhiteElo "2079"]
[BlackElo "2261"]
[PlyCount "42"]
[EventDate "2016.03.22"]
[EventType "swiss"]
[EventRounds "7"]
[EventCountry "DEN"]

1. d4 Nf6 2. c4 c5 3. d5 b5 4. cxb5 a6 5. f3 g6 6. e4 Bg7 7. Ne2 O-O 8. Qc2 d6
9. Nec3 e6 10. Na3 exd5 11. exd5 Re8+ 12. Be2 Bb7 13. O-O Nxd5 14. Nxd5 Bxd5
15. Rd1 Bd4+ 16. Rxd4 cxd4 17. Bf4 Qb6 18. Kh1 axb5 19. Bxb5 Nc6 20. Bxd6 Rxa3
21. Bxc6 Rxa2 0-1